| 000 | 01850nac a22003131u 4500 | ||
|---|---|---|---|
| 010 | _a 2002512981 | ||
| 020 | _a1860648169 | ||
| 035 | _a(OCoLC)ocm50067938 | ||
| 082 |
_a332.09174927 _bAZZ |
||
| 090 |
_c5615 _d5615 |
||
| 100 | _aAzzam, Henry T., | ||
| 245 | 1 | 4 |
_aThe Arab world facing the challenge of the new millenium / _cHenry T. Azzam. |
| 260 |
_aLondon ; _aNew York : _bTauris,c.2002. _cc.2002. |
||
| 300 |
_axiii, 210 p. : _bill. ; _c25 cm. |
||
| 500 | _aDistributer : Al-Ahram. | ||
| 505 | 8 | _aMachine generated contents note: 1 The Arab world: preparing for a new era of growth 1 -- 2 Challenges and opportunities in the new millennium 13 -- 3 The new economy and its impact on the Arab region 36 -- 4 Arab bond markets: moving from the embryonic stage to the take-off stage 50 -- 5 Arab stock markets: facing up to new challenges 64 -- 6 Drivers of change affecting Arab banks 79 -- 7 Arab currencies: fix or float? 95 -- 8 North Africa 106 -- 9 Levant 136 -- 10 The GCC countries 167 -- 11 The Arab world: a vision for growth 207. | |
| 511 | _aCatalogued By :Mahitab. | ||
| 650 | 0 |
_aFinance _zArab countries. |
|
| 650 | 0 |
_aBonds _zArab countries. |
|
| 650 | 0 |
_aStock exchanges _zArab countries. |
|
| 650 | 0 |
_aBanks and banking _zArab countries. |
|
| 650 | 0 |
_aCurrency question _zArab countries. |
|
| 651 | 0 |
_aArab countries _xEconomic integration. |
|
| 856 | 4 | 2 |
_3Contributor biographical information _uhttp://www.loc.gov/catdir/bios/hol051/2002512981.html |
| 856 | 4 | 2 |
_3Publisher description _uhttp://www.loc.gov/catdir/description/hol031/2002512981.html |
| 856 | 4 | 2 |
_3Table of contents _uhttp://www.loc.gov/catdir/toc/fy034/2002512981.html |
| 942 |
_cBB _k332.09174927AZZ |
||
| 999 |
_c5615 _d5615 |
||